[Event "I American Continental"]
[Site "Cali COL"]
[Date "2001.08.15"]
[Round "6"]
[White "Goldin,A"]
[Black "Shabalov,A"]
[Result "1/2-1/2"]
[WhiteElo "2594"]
[BlackElo "2574"]

1.d4 Nf6 2.c4 e6 3.Nc3 Bb4 4.e3 O-O 5.Ne2 Re8 6.a3 Bf8 7.d5 a5 8.Ng3 Na6
9.Bd3 Nc5 10.Bc2 exd5 11.cxd5 c6 12.O-O b5 13.e4 Ba6 14.b4 Na4 15.Nxa4 bxa4
16.Re1 axb4 17.Bxa4 cxd5 18.e5 Ne4 19.Nxe4 dxe4 20.Rxe4 Bb7 21.Rd4 Rxe5 22.axb4 Qe7
23.Be3 Rxe3 24.fxe3 Qxe3+ 25.Kh1 Qf2 26.Qg1 Bxg2+ 27.Qxg2 Qxd4 28.Rd1 Qa7
29.Bb3 Re8 30.Rf1 Re7 31.b5 Qe3 32.Qf3 g6 33.b6 Qxf3+ 34.Rxf3 Re1+ 35.Kg2 Rb1
36.Bxf7+ Kh8 37.Bxg6  1/2-1/2

[Event "I American Continental"]
[Site "Cali COL"]
[Date "2001.08.17"]
[Round "8"]
[White "Goldin,A"]
[Black "Ivanov,AV"]
[Result "1/2-1/2"]
[WhiteElo "2594"]
[BlackElo "2573"]

1.d4 Nf6 2.c4 e6 3.Nc3 Bb4 4.e3 O-O 5.Bd3 d5 6.Nf3 b6 7.O-O Bb7 8.cxd5 exd5
9.a3 Bd6 10.b4 a6 11.Qe2 Qe7 12.Rb1 Nbd7 13.a4 c6 14.a5 bxa5 15.bxa5 Rab8
16.Qa2 c5 17.Ba3 c4 18.Bxd6 Qxd6 19.Bf5  1/2-1/2

[Event "I American Continental"]
[Site "Cali COL"]
[Date "2001.08.18"]
[Round "9"]
[White "Dominguez,L"]
[Black "Goldin,A"]
[Result "1/2-1/2"]
[WhiteElo "2585"]
[BlackElo "2594"]

1.e4 e5 2.Nf3 Nc6 3.Bb5 Nf6 4.O-O Nxe4 5.d4 Be7 6.Qe2 Nd6 7.Bxc6 bxc6 8.dxe5 Nb7
9.Nc3 O-O 10.Re1 Nc5 11.Be3 Ne6 12.Rad1 d5 13.exd6 cxd6 14.Nd4 Nxd4 15.Bxd4 Re8
16.Qf3 d5 17.Na4 Bd7 18.Qc3 Bf8 19.Bc5 Bxc5 20.Nxc5 Rxe1+ 21.Rxe1 Bf5 22.Nb3 Qd6
23.h3 h6 24.Re2 Rc8 25.Qc5 Qxc5 26.Nxc5 Rb8 27.c3 Rb5 28.b4 d4 29.Re8+ Kh7
30.a4 Rb6 31.g4 Be6 32.a5 Rb5 33.cxd4 Rxb4 34.Nxe6 fxe6 35.Rxe6 Ra4 36.Rxc6 Rxa5
37.Kg2 Ra3 38.h4 Rd3 39.Rc4 h5 40.f3 hxg4 41.fxg4 Ra3 42.h5 g6 43.Rc7+ Kh8
44.hxg6 Rd3 45.Rc4 Kg7 46.Ra4 Kxg6 47.Kf2 Kf6 48.Ke2 Rg3 49.Ra6+ Kf7 50.g5 Rxg5
51.Kd3 Ke8 52.Kc4 Kd7 53.Rh6 Rf5 54.Rh7+ Kd6  1/2-1/2

[Event "I American Continental"]
[Site "Cali COL"]
[Date "2001.08.19"]
[Round "10"]
[White "Goldin,A"]
[Black "Vescovi,G"]
[Result "1/2-1/2"]
[WhiteElo "2594"]
[BlackElo "2581"]

1.d4 Nf6 2.Nf3 g6 3.c4 Bg7 4.Nc3 O-O 5.Bf4 c5 6.d5 d6 7.e4 Bg4 8.Be2 a6 9.a4 Nbd7
10.O-O Qb6 11.a5 Qc7 12.Ra3 Rfb8 13.Qc2 Ne8 14.Bd2 b6 15.axb6 Qxb6 16.b3 Qd8
17.h3 Bxf3 18.Bxf3 Nc7 19.g3 e5 20.Na4 h5 21.h4 a5 22.Nc3 Na6 23.Bg5 Bf6
24.Be3 Nb4 25.Qd2 Nb6 26.Rfa1 Ra6 27.Qe2 Rba8 28.Bg2 Bg7 29.Bh3 Kh7 30.Bg5 Bf6
31.Be3 Bg7 32.Bg5 Bf6 33.Be3  1/2-1/2

[Event "I American Continental"]
[Site "Cali COL"]
[Date "2001.08.20"]
[Round "11"]
[White "Leitao,R"]
[Black "Goldin,A"]
[Result "1/2-1/2"]
[WhiteElo "2571"]
[BlackElo "2594"]

1.d4 d5 2.c4 e6 3.Nc3 Be7 4.Nf3 Nf6 5.Bg5 h6 6.Bh4 O-O 7.e3 b6 8.Bxf6 Bxf6
9.Qb3 Bb7 10.cxd5 exd5 11.Rd1 c6 12.Be2 Re8 13.O-O Nd7 14.Rfe1 Nf8 15.a3 Ne6
16.Bd3 g6 17.Bb1 Bg7 18.Ba2 Qd6 19.Rd2 Rad8 20.Qd1 Rd7 21.e4 Rdd8 22.Qa4 Qb8
23.exd5 cxd5 24.Rde2 a6 25.Bb1 Qd6 26.h4 b5 27.Qd1 h5 28.Ng5 Nc7 29.g3 Rxe2
30.Rxe2 Bc8 31.Re1 Bg4 32.Qd3 Re8 33.Rxe8+ Nxe8 34.Ba2 Nc7 35.Qe3 Ne6 36.Nf3 Bxf3
37.Qxf3 Bxd4 38.Bxd5 Bxc3  1/2-1/2

[Event "10th Open"]
[Site "King's Island USA"]
[Date "2001.11.11"]
[Round "4"]
[White "Goldin,A"]
[Black "Formanek,E"]
[Result "1-0"]
[WhiteElo "2612"]
[BlackElo "2294"]

1.d4 d5 2.c4 c6 3.Nf3 Nf6 4.e3 Bf5 5.Nc3 e6 6.Nh4 Bg4 7.Qb3 b6 8.h3 Bh5 9.g4 Ne4
10.Nxe4 dxe4 11.Ng2 Bg6 12.Nf4 Qd7 13.Bd2 Bd6 14.Nxg6 hxg6 15.O-O-O Qe7 16.Bg2 f5
17.f3 exf3 18.Bxf3 e5 19.c5 bxc5 20.dxe5 Bxe5 21.Ba5 Bd6 22.Rxd6 Qxd6 23.Rd1 c4
24.Qb7  1-0

[Event "North American Open"]
[Site "Las Vegas USA"]
[Date "2001.12.26"]
[Round "2"]
[White "Goldin,A"]
[Black "Sarkar,J"]
[Result "1/2-1/2"]
[WhiteElo "2612"]
[BlackElo "2372"]

1.d4 e6 2.c4 Nf6 3.Nf3 b6 4.e3 Bb7 5.Bd3 Bb4+ 6.Nc3 c5 7.O-O O-O 8.a3 Bxc3
9.bxc3 d6 10.a4 Nc6 11.e4 e5 12.d5 Ne7 13.a5 Ng6 14.g3 Bc8 15.Nd2 Bh3 16.Re1 bxa5
17.Nb3 a4 18.Rxa4 a5 19.Bc2 h6 20.Ra3 Nh7 21.Be3 f5 22.exf5 Bxf5 23.Bxf5 Rxf5
24.Qg4 Qf6 25.Nd2 h5 26.Qh3 Nf4 27.Bxf4 exf4 28.Ne4 Qe5 29.Kf1 Re8 30.Raa1 Rff8
31.Qh4 fxg3 32.hxg3 Qf5 33.Re2 Qf3 34.Rae1 a4 35.Re3 Qf5 36.f4 g5 37.Qxh5 gxf4
38.Qxf5 Rxf5 39.Nf6+ Nxf6 40.Rxe8+ Nxe8 41.Rxe8+ Kf7 42.Ra8 fxg3+ 43.Kg2 Rg5
44.Rxa4 Rg4 45.Ra1 Kf6 46.Re1 Kf5 47.Re6 Rxc4 48.Kxg3 Rxc3+ 49.Kf2 Rd3 50.Rxd6 Ke5
51.Ke2  1/2-1/2

[Event "US Masters"]
[Site "Chicago USA"]
[Date "2002.03.02"]
[Round "5"]
[White "Goldin,A"]
[Black "Andrianov,N"]
[Result "0-1"]
[WhiteElo "2630"]
[BlackElo "2450"]

1.d4 d5 2.c4 c6 3.Nf3 Nf6 4.e3 g6 5.Nc3 Bg7 6.Bd3 Bg4 7.Qb3 Bxf3 8.gxf3 Qd7
9.Bd2 O-O 10.O-O-O dxc4 11.Bxc4 b5 12.Be2 a5 13.a4 b4 14.Ne4 Na6 15.Nxf6+ Bxf6
16.Bc4 e6 17.Qd3 Nc7 18.b3 Rfd8 19.h4 c5 20.h5 Nd5 21.hxg6 hxg6 22.dxc5 Qc7
23.Rdg1 Qe5 24.Qb1 Bg7 25.f4 Qf6 26.Rg5 Nxf4 27.exf4 Rxd2 28.Kxd2 Qxf4+ 29.Ke2 Qxg5
30.Qe4 Rd8 31.Qh4 Qe5+ 32.Kf1 Rd1+ 33.Kg2 Rxh1 34.Kxh1 Qxc5 35.Qd8+ Bf8 36.Kg2 Kg7
37.Qd7 Qg5+ 38.Kf1 Bc5 39.Qd3 Qf4 40.f3 g5 41.Kg2 g4 42.fxg4 Qxg4+ 43.Qg3 Qxg3+
44.Kxg3 Kf6 45.Kf4 Ke7 46.Be2 f5 47.Ke5 Bb6 48.Bd3 Bc7+ 49.Kd4 Kd6 50.Kc4 Bd8
51.Bc2 Ke5 52.Kc5 f4 53.Kc4 f3 54.Kd3 Kf4 55.Kd2 e5 56.Bg6 e4  0-1

[Event "Foxwoods Open"]
[Site "Connecticut USA"]
[Date "2002.03.28"]
[Round "1"]
[White "Mac Intyre,P"]
[Black "Goldin,A"]
[Result "1/2-1/2"]
[WhiteElo "2260"]
[BlackElo "2630"]

1.e4 c5 2.Nf3 e6 3.d3 Nc6 4.g3 d5 5.Nbd2 Nf6 6.Bg2 Be7 7.O-O O-O 8.e5 Nd7
9.Re1 Qc7 10.Qe2 b5 11.Nf1 b4 12.Bf4 a5 13.c3 a4 14.c4 Nb6 15.Ne3 dxc4 16.Nxc4 Nd5
17.Bd2 Bb7 18.Rac1 Rad8 19.Qe4 Nb6 20.Nd6 Rxd6 21.exd6 Qxd6 22.Bg5  1/2-1/2

[Event "Foxwoods Open"]
[Site "Connecticut USA"]
[Date "2002.03.29"]
[Round "2"]
[White "Goldin,A"]
[Black "Bennett,A"]
[Result "1-0"]
[WhiteElo "2630"]
[BlackElo "2291"]

1.d4 d5 2.c4 e6 3.Nc3 c5 4.cxd5 exd5 5.Nf3 Nc6 6.g3 Nf6 7.Bg2 Be7 8.O-O O-O
9.Bg5 cxd4 10.Nxd4 h6 11.Be3 Re8 12.Rc1 Bf8 13.Nxc6 bxc6 14.Na4 Ng4 15.Bc5 Ba6
16.Re1 Qf6 17.Bd4 Qg6 18.h3 Ne5 19.Bc5 Bb5 20.Bxf8 Bxa4 21.Qxa4 Kxf8 22.e4 d4
23.f4 Qxg3 24.fxe5 c5 25.Qa5 Rac8 26.Rxc5 d3 27.Rxc8 Rxc8 28.Rf1 Kg8 29.Qxa7  1-0

[Event "Foxwoods Open"]
[Site "Connecticut USA"]
[Date "2002.03.29"]
[Round "3"]
[White "Mulyar,M"]
[Black "Goldin,A"]
[Result "0-1"]
[WhiteElo "2427"]
[BlackElo "2630"]

1.e4 c5 2.Nf3 e6 3.d4 cxd4 4.Nxd4 a6 5.c4 Nf6 6.Nc3 Bb4 7.Bd3 Nc6 8.Ne2 d6
9.h3 Bc5 10.a3 Ne5 11.b4 Ba7 12.Bf4 Ng6 13.Bd2 Bd7 14.Nc1 Rc8 15.O-O Ne5
16.Bf4 Nxc4 17.N1e2 Ne5 18.Bc2 Qe7 19.Qd2 Nc4 20.Qd3 h6 21.Bb3 Ne5 22.Bxe5 dxe5
23.Qg3 Bd4 24.Rfd1 Nh5 25.Qf3 Bxc3 26.Nxc3 Nf4 27.Rac1 O-O 28.Ne2 Ng6 29.Qe3 Bc6
30.Ng3 Kh8 31.Bc2 Nf4 32.Ne2 Qg5 33.Nxf4 exf4 34.Qf3 Qe5 35.Bb1 Ba4 36.Re1 Rfd8
37.Qe2 Rc3 38.Qb2 Rdc8 39.Qd2 g5 40.Kh1 Kg7 41.Rxc3 Qxc3 42.Qd6 Bb5 43.Rd1 Be2
44.Rd2 Qc1+ 45.Kh2 Qxb1 46.Qe5+ Kg6  0-1

[Event "11th Open"]
[Site "Chicago USA"]
[Date "2002.05.26"]
[Round "4"]
[White "Goldin,A"]
[Black "Ehlvest,J"]
[Result "1/2-1/2"]
[WhiteElo "2618"]
[BlackElo "2588"]

1.d4 d5 2.c4 c6 3.Nf3 Nf6 4.e3 Bf5 5.Nc3 e6 6.Nh4 Be4 7.f3 Bg6 8.Qb3 Qc7
9.Bd2 Nbd7 10.cxd5 Nxd5 11.g3 Bh5 12.Be2 Be7 13.Ng2 Qb6 14.Nxd5 exd5 15.Nf4 Bg6
16.h4 Qxb3 17.axb3 Nb6 18.Kf2 Bc2 19.b4 a6 20.Rhc1 Bf5 21.b3 O-O 22.Nd3 Rae8
23.Nc5 Bc8 24.Bf1 f5 25.Re1 Bd6 26.Nd3  1/2-1/2

[Event "11th Open"]
[Site "Chicago USA"]
[Date "2002.05.26"]
[Round "5"]
[White "Goldin,A"]
[Black "Yudasin,L"]
[Result "1-0"]
[WhiteElo "2618"]
[BlackElo "2564"]

1.d4 Nf6 2.c4 e6 3.Nf3 b6 4.g3 Ba6 5.Qb3 c6 6.Bf4 Be7 7.Nc3 O-O 8.e4 d5 9.cxd5 cxd5
10.exd5 Nxd5 11.Nxd5 Qxd5 12.Qxd5 exd5 13.Rc1 Rc8 14.Rxc8+ Bxc8 15.Bg2 Be6
16.Ne5 f6 17.Nd3 Nc6 18.Be3 g5 19.h4 h6 20.hxg5 hxg5 21.f4 Nb4 22.Nxb4 Bxb4+
23.Bd2 Bxd2+ 24.Kxd2 gxf4 25.gxf4 Rc8 26.Re1 Kf7 27.f5 Bxf5 28.Bxd5+ Kg6
29.Rg1+ Kh6 30.Ke3 Rd8 31.Bc6 Be6 32.d5 Bf7 33.Kd4 Bg6 34.Rg3 Kg7 35.Ra3 a5
36.Rb3 Rb8 37.Bd7 Kf8 38.Rc3 Ke7 39.Bh3  1-0

[Event "11th Open"]
[Site "Chicago USA"]
[Date "2002.05.27"]
[Round "7"]
[White "Goldin,A"]
[Black "Yermolinsky,A"]
[Result "0-1"]
[WhiteElo "2618"]
[BlackElo "2583"]

1.d4 Nf6 2.c4 e6 3.Nc3 Bb4 4.Qc2 Nc6 5.Nf3 d6 6.Bd2 O-O 7.a3 Bxc3 8.Bxc3 Qe7
9.b4 e5 10.d5 Nb8 11.e4 Nh5 12.g3 f5 13.Be2 fxe4 14.Qxe4 Bf5 15.Qe3 Nf6 16.Nh4 Bh3
17.Rg1 Ng4 18.Bxg4 Bxg4 19.h3 Bxh3 20.Rh1 Bf5 21.Nxf5 Rxf5 22.Qe4 g6 23.f4 Nd7
24.O-O-O Qf7 25.Rde1 Rf8 26.fxe5 Nxe5 27.Re2 a6 28.Rhe1 b5 29.c5 Nc4 30.Qd4 Re5
31.Rxe5 dxe5 32.Qe4 Qf2 33.d6 Qxg3 34.Qd5+ Kg7 35.Bxe5+ Nxe5 36.Qxe5+ Qxe5
37.Rxe5 cxd6 38.cxd6 Rd8 39.Re7+ Kf6 40.Rxh7 Rxd6 41.Rh1 g5  0-1

[Event "Tan Chin Nam Cup"]
[Site "Qingdao CHN"]
[Date "2002.07.04"]
[Round "1"]
[White "Goldin,A"]
[Black "Bhat,V"]
[Result "1/2-1/2"]
[WhiteElo "2609"]
[BlackElo "2411"]

1.d4 d5 2.c4 e6 3.Nf3 c6 4.Qc2 Nd7 5.g3 Ngf6 6.Bg2 Be7 7.O-O O-O 8.Rd1 b6
9.b3 a5 10.Bb2 Bb7 11.Nc3 Qb8 12.e4 Rc8 13.Ne5 Nxe5 14.dxe5 Ng4 15.Qe2 d4
16.Qxg4 dxc3 17.Bxc3 Rd8 18.f4 Bb4 19.Rxd8+ Qxd8 20.Rd1 Bxc3 21.Rxd8+ Rxd8
22.h4 h6 23.Qf3 Ba1 24.Kh2 c5 25.Qe3 Bd4 26.Qc1 Bf2 27.Qc2 Be1 28.Kh3 Bb4
29.Qc1 Bd2 30.Qf1 Bc3 31.h5 Bc6 32.Qc1 Bd2 33.Qd1 Rd4 34.Qf1 Bc3 35.f5 Rd7
36.Qf4 Rd3 37.fxe6 fxe6 38.Qg4 Bd7 39.Qe2 Rd4 40.Bf3 Kf7 41.a3 Ke7 42.Qc2 Bd2
43.Be2 Be8 44.Bd3 Bg5 45.Kg4 Rd8 46.Qb1 Kf7 47.Kf3 Kg8 48.g4 Bc6 49.Ke2 Be7
50.Qg1 Rb8 51.Kd2 Bg5+ 52.Kc2 Be7 53.Kc3 Rd8 54.Kc2 Rb8 55.Be2 Rd8 56.Bd3  1/2-1/2

[Event "Tan Chin Nam Cup"]
[Site "Qingdao CHN"]
[Date "2002.07.05"]
[Round "3"]
[White "Goldin,A"]
[Black "Sandipan,C"]
[Result "1-0"]
[WhiteElo "2609"]
[BlackElo "2507"]

1.d4 d5 2.c4 e6 3.Nf3 c6 4.Qc2 Nf6 5.Bg5 dxc4 6.Qxc4 b5 7.Qc2 Bb7 8.e3 Nbd7
9.Be2 Be7 10.O-O O-O 11.Nbd2 Qb6 12.Ne5 Nxe5 13.dxe5 Nd5 14.Bxe7 Nxe7 15.Bd3 Ng6
16.Bxg6 hxg6 17.Ne4 Rfd8 18.Rfd1 c5 19.Nxc5 Qc6 20.f4 b4 21.Rd6 Rxd6 22.exd6 Rd8
23.Rd1 Bc8 24.Qc4 Rxd6 25.Rxd6 Qxd6 26.Qxb4 Qd1+ 27.Kf2 Qh5 28.h3 Kh7 29.Qd4 f6
30.b4 e5 31.fxe5 fxe5 32.Qd8 Qf5+ 33.Kg1 Qb1+ 34.Kh2 Bf5 35.a3 Qe1 36.Qg5 e4
37.Qf4 Qc1 38.g4 Bc8 39.Nxe4 Qxa3 40.Ng5+ Kh6 41.Ne6+ Kh7 42.Nf8+ Kg8 43.Nxg6 Qb2+
44.Kg3 Be6 45.Ne7+ Kh8 46.Qg5  1-0

[Event "Tan Chin Nam Cup"]
[Site "Qingdao CHN"]
[Date "2002.07.05"]
[Round "4"]
[White "Ni Hua"]
[Black "Goldin,A"]
[Result "1-0"]
[WhiteElo "2533"]
[BlackElo "2609"]

1.e4 e5 2.Nf3 Nc6 3.Nc3 Nf6 4.g3 Bc5 5.Bg2 d6 6.d3 a6 7.O-O h6 8.h3 Be6 9.Be3 Bxe3
10.fxe3 Ne7 11.Nh4 c6 12.d4 Qb6 13.Qd2 Rd8 14.Kh2 Ng6 15.Nf5 Bxf5 16.exf5 Ne7
17.Ne4 Nxe4 18.Bxe4 Ng8 19.Bf3 Nf6 20.c4 O-O 21.g4 Rfe8 22.Rae1 d5 23.cxd5 Nxd5
24.Kh1 Nf6 25.Rg1 exd4 26.g5 hxg5 27.e4 Nh7 28.h4 Qc5 29.hxg5 g6 30.Re2 Re5
31.Rh2 d3 32.Qf4 f6 33.gxf6 Rd7 34.fxg6 Ng5 35.Rxg5  1-0

[Event "Tan Chin Nam Cup"]
[Site "Qingdao CHN"]
[Date "2002.07.07"]
[Round "6"]
[White "Ganguly,S"]
[Black "Goldin,A"]
[Result "0-1"]
[WhiteElo "2524"]
[BlackElo "2609"]

1.e4 e5 2.Nf3 Nc6 3.Nc3 Nf6 4.g3 d5 5.exd5 Nxd5 6.Bg2 Nxc3 7.bxc3 Bd6 8.O-O O-O
9.Re1 Bg4 10.h3 Bh5 11.Rb1 f5 12.d3 Rb8 13.g4 fxg4 14.Ng5 Be7 15.Ne6 g3 16.f3 Qd7
17.Nxf8 Rxf8 18.Be3 b6 19.Rf1 Bf7 20.Qe1 Bxa2 21.Ra1 Be6 22.Qxg3 Rf6 23.Kh1 Rg6
24.Qh2 Bh4 25.Bf2 Bxf2 26.Rxf2 Rh6 27.Kg1 Bxh3 28.Bxh3 Rxh3 29.Qg2 Rh6 30.Kf1 Rg6
31.Qh2 a5 32.Ke2 Rf6 33.Qh5 Ne7 34.Qg4 Qc6 35.Kd2 Nd5 36.Qc4 Qd6 37.Rb1 Rf4
38.Qb3 a4 39.Qa2 Qc5 40.Re2 Qxc3+ 41.Kc1 c6 42.Rxb6 Rxf3 43.Rd2 e4 44.Rb8+ Kf7
45.Rb7+ Kf6 46.Qxa4 Ne3 47.Rd1 Rf2 48.Kb1 Nxc2 49.Rb3 Na3+ 50.Qxa3 Qc2+ 51.Ka1 Qxd1+
52.Rb1 Qf3 53.Qc3+ Kg6 54.Qxc6+ Qf6+ 55.Qxf6+ Kxf6 56.dxe4 Re2 57.Rf1+ Ke6
58.Rf4 h6 59.Kb1 g5 60.Rf8 Rxe4  0-1

[Event "Tan Chin Nam Cup"]
[Site "Qingdao CHN"]
[Date "2002.07.07"]
[Round "7"]
[White "Goldin,A"]
[Black "Nguyen Anh Dung"]
[Result "1/2-1/2"]
[WhiteElo "2609"]
[BlackElo "2517"]

1.d4 Nf6 2.Nf3 b6 3.c4 e6 4.g3 Bb7 5.Bg2 Be7 6.O-O O-O 7.Nc3 Ne4 8.Bd2 f5
9.Rc1 Bf6 10.d5 Na6 11.Be1 Nac5 12.Nd4 Qe7 13.Ndb5 d6 14.b4 Nxc3 15.Bxc3 Ne4
16.Bxf6 Rxf6 17.f3 Ng5 18.f4 Ne4 19.Bxe4 fxe4 20.Nc3 Rf5 21.Qd4 exd5 22.cxd5 e3
23.Rcd1 Re8 24.Rd3 Qf7 25.Rf3 h5 26.h4 a6 27.Kh2 Re7 28.a4 Re8 29.b5 axb5
30.axb5 Kh8 31.Qc4 Kg8 32.Rd4 Kh8 33.Qd3 Kg8 34.Rxe3 Rxe3 35.Qxe3 Bxd5 36.Nxd5 Rxd5
37.Rxd5 Qxd5 38.Qe8+ Kh7 39.Kg1  1/2-1/2

[Event "Tan Chin Nam Cup"]
[Site "Qingdao CHN"]
[Date "2002.07.08"]
[Round "8"]
[White "Christiansen,L"]
[Black "Goldin,A"]
[Result "0-1"]
[WhiteElo "2559"]
[BlackElo "2609"]

1.e4 e5 2.Nf3 Nc6 3.Bb5 Nf6 4.d3 d6 5.Nbd2 g6 6.c3 Bg7 7.O-O O-O 8.d4 exd4
9.cxd4 Bd7 10.Re1 Re8 11.h3 a5 12.a3 Re7 13.Bd3 Nh5 14.d5 Nb8 15.Nf1 Nf6
16.Ng3 Na6 17.Bxa6 Rxa6 18.Bf4 h6 19.Rc1 a4 20.Rc4 Kh7 21.Qd2 Be8 22.Be3 c6
23.dxc6 Bxc6 24.Bd4 Ra8 25.Bc3 d5 26.Rd4 Qe8 27.e5 Ne4 28.Nxe4 dxe4 29.Rexe4 Bxe4
30.Rxe4 Rd7 31.Qc2 Rd5 32.e6 Rc8 33.exf7 Qxf7 34.Qe2 Rc7 35.Bxg7 Qxg7 36.Rxa4 Rc1+
37.Kh2 Qc7+ 38.g3 Rc2 39.Qe3 Qc5 40.Nd4 Rxb2 41.Rc4 Re5 42.Qc3 Rxf2+ 43.Kg1 Qf8
44.Rc7+ Rf7 45.Qf3 Ree7 46.Ne6 Qe8 47.Qe4  0-1

[Event "2nd China-USA Summit"]
[Site "Shanghai CHN"]
[Date "2002.07.12"]
[Round "2"]
[White "Ye Jiangchuan"]
[Black "Goldin,A"]
[Result "1/2-1/2"]
[WhiteElo "2676"]
[BlackElo "2609"]

1.e4 e5 2.Nf3 Nc6 3.Bb5 Nf6 4.O-O Nxe4 5.d4 Be7 6.Qe2 Nd6 7.Bxc6 bxc6 8.dxe5 Nb7
9.Re1 O-O 10.Nc3 Nc5 11.Bf4 Ne6 12.Bg3 d5 13.exd6 cxd6 14.Rad1 d5 15.Ne5 Qb6
16.Na4 Qb7 17.Qf3 f6 18.Nd3 Re8 19.c4 Bd7 20.cxd5 Ng5 21.Qf4 cxd5 22.Nac5 Bxc5
23.Nxc5 Qc6 24.Nxd7 Qxd7 25.f3 Rxe1+ 26.Bxe1 Ne6 27.Qf5 d4 28.Ba5 Rb8 29.Re1 Rb5  1/2-1/2

[Event "2nd China-USA Summit"]
[Site "Shanghai CHN"]
[Date "2002.07.14"]
[Round "3"]
[White "Goldin,A"]
[Black "Ye Jiangchuan"]
[Result "1/2-1/2"]
[WhiteElo "2609"]
[BlackElo "2676"]

1.d4 Nf6 2.c4 g6 3.g3 Bg7 4.Bg2 d5 5.cxd5 Nxd5 6.Nf3 Nb6 7.Nc3 Nc6 8.e3 O-O
9.O-O Re8 10.d5 Na5 11.Nd4 Bd7 12.Qe2 c6 13.dxc6 Nxc6 14.Nxc6 Bxc6 15.Bxc6 bxc6  1/2-1/2

[Event "2nd China-USA Summit"]
[Site "Shanghai CHN"]
[Date "2002.07.15"]
[Round "4"]
[White "Ye Jiangchuan"]
[Black "Goldin,A"]
[Result "1/2-1/2"]
[WhiteElo "2676"]
[BlackElo "2609"]

1.e4 e5 2.Nf3 Nc6 3.Bb5 a6 4.Ba4 Nf6 5.O-O Be7 6.Re1 b5 7.Bb3 d6 8.c3 O-O
9.h3 Nd7 10.d4 Bf6 11.a4 Bb7 12.Na3 exd4 13.cxd4 Re8 14.Qd2 Nb6 15.a5 Nd7
16.Bd5 Qb8 17.Nc2 Nd8 18.Ne3 Ne6 19.Ra3 Ng5 20.Nxg5 Bxg5 21.Qc2 Nf6 22.Bxb7 Qxb7
23.e5 Bxe3 24.Raxe3 dxe5 25.dxe5 Nd5 26.R3e2 Rad8 27.Bg5 Rc8 28.Qc5 h6 29.Bd2 c6
30.e6 fxe6 31.Rxe6 Qf7  1/2-1/2

[Event "33rd NCC"]
[Site "Philadelphia USA"]
[Date "2002.11.29"]
[Round "1"]
[White "Goldin,A"]
[Black "Sena,J"]
[Result "1-0"]
[WhiteElo "2630"]
[BlackElo "2142"]

1.d4 Nf6 2.c4 e6 3.Nf3 Bb4+ 4.Bd2 c5 5.Bxb4 cxb4 6.g3 O-O 7.Bg2 d6 8.Nbd2 Nc6
9.Nf1 Qb6 10.Ne3 e5 11.dxe5 dxe5 12.Nd5 Qd8 13.Qd2 Bg4 14.O-O Ne4 15.Qe3 Bxf3
16.exf3 Nd6 17.b3 Nf5 18.Qd2 Nfd4 19.Rad1 Qa5 20.Rfe1 Rad8 21.f4 exf4 22.Qxf4 Qc5
23.Re4 Ne6 24.Qh4 Rfe8 25.Rg4 Kh8 26.Qh5 g6 27.Qh4 Qf8 28.Re1 Ng7 29.Rge4 Rxe4
30.Rxe4 f5 31.Re3 Rd6 32.c5 Re6 33.Rxe6 Nxe6 34.Nxb4 Ncd4 35.Nd3 Kg7 36.Bxb7 g5
37.Qh5 Qd8 38.Qd1 g4 39.h4 Qd7 40.Bg2 Qb5 41.Qd2 a5 42.Qe3  1-0

[Event "33rd NCC"]
[Site "Philadelphia USA"]
[Date "2002.11.29"]
[Round "2"]
[White "Fayvinov,Z"]
[Black "Goldin,A"]
[Result "0-1"]
[WhiteElo "2280"]
[BlackElo "2630"]

1.e4 c5 2.Nf3 e6 3.c3 Nf6 4.d3 d5 5.e5 Nfd7 6.d4 Nc6 7.Be2 Be7 8.O-O Qb6
9.Re1 a5 10.Na3 O-O 11.Nc2 a4 12.Be3 f6 13.exf6 Nxf6 14.Rf1 Qc7 15.dxc5 Ng4
16.g3 Nxe3 17.Nxe3 Rd8 18.Bd3 Bxc5 19.Ng5 g6 20.Ng4 Qg7 21.Ne3 Kh8 22.Bb5 a3
23.b4 Be7 24.h4 d4 25.cxd4 Nxd4 26.Bc4 b5 27.Bd3 Bxg5 28.hxg5 Bb7 29.f4 Nf3+
30.Kf2 Qb2+ 31.Nc2 Rac8 32.Rb1 Rxd3 33.Qxd3 Rxc2+ 34.Ke3 Re2+ 35.Qxe2 Qd4+  0-1

[Event "33rd NCC"]
[Site "Philadelphia USA"]
[Date "2002.11.30"]
[Round "3"]
[White "Goldin,A"]
[Black "Paschall,W"]
[Result "1-0"]
[WhiteElo "2630"]
[BlackElo "2463"]

1.d4 Nf6 2.c4 e6 3.Nf3 b6 4.g3 Bb7 5.Bg2 Bb4+ 6.Bd2 Be7 7.Nc3 d5 8.cxd5 Nxd5
9.Nxd5 exd5 10.O-O c5 11.Ne5 O-O 12.dxc5 Bxc5 13.Nd3 Bd4 14.Rc1 Na6 15.Qa4 Bf6
16.Bc3 Bxc3 17.Rxc3 Re8 18.e3 Re7 19.Rd1 Nc7 20.Nf4 Qe8 21.Qxe8+ Raxe8 22.Nxd5 Nxd5
23.Bxd5 Bxd5 24.Rxd5 g6 25.Kf1 Re5 26.Rxe5 Rxe5 27.Ke2 Kg7 28.Rc7 Ra5 29.a3 Rb5
30.b4 a5 31.Rc4 h5 32.a4  1-0

[Event "4th Millennium Festival"]
[Site "Virginia Beach USA"]
[Date "2003.03.30"]
[Round "5"]
[White "Goldin,A"]
[Black "Lee Wang Sheng"]
[Result "1-0"]
[WhiteElo "2621"]
[BlackElo "2248"]

1.d4 d5 2.c4 c6 3.Nf3 Nf6 4.Nc3 a6 5.e3 b5 6.cxd5 cxd5 7.Ne5 e6 8.Bd3 Be7
9.O-O Bb7 10.f4 Nbd7 11.Bd2 Nb6 12.a4 b4 13.Na2 a5 14.Bb5+ Nbd7 15.g4 Bd6
16.Nc1 Bxe5 17.dxe5 Ne4 18.Nb3 h5 19.gxh5 g6 20.Nd4 gxh5 21.Be1 h4 22.Qg4 Kf8
23.Kh1 Rc8 24.Rg1 Rc2 25.Nxe6+ Ke7 26.Nxd8 Ndf6 27.exf6+ Nxf6 28.Nxb7  1-0

[Event "Open"]
[Site "Tampa USA"]
[Date "2003.04.13"]
[Round "5"]
[White "Goldin,A"]
[Black "Ehlvest,J"]
[Result "0-1"]
[WhiteElo "2611"]
[BlackElo "2587"]

1.d4 Nf6 2.Nf3 g6 3.c4 Bg7 4.Nc3 d5 5.Bg5 dxc4 6.e3 Be6 7.Nd2 c5 8.dxc5 Nd5
9.Bxc4 Nxc3 10.bxc3 Bxc4 11.Qa4+ Nc6 12.Qxc4 O-O 13.Nb3 Ne5 14.Qe2 Nd3+ 15.Kf1 Ne5
16.Rd1 Qc7 17.f3 b6 18.Kf2 bxc5 19.c4 a5 20.Rd5 a4 21.Rxc5 Qa7 22.Ra5 Qd7
23.Rd5 Qf5 24.Nd4 Qxg5 25.f4 Qh4+ 26.g3 Qh3 27.fxe5 e6 28.Rb5 f6 29.Ke1 fxe5
30.Nc6 e4 31.Kd1 Rf3 32.Re1 Bc3 33.Rg1 Raf8 34.Rg2 Bg7 35.Ne7+ Kh8 36.Rb2 Qh6
37.Rd2 Rxe3 38.Qg4 Rf1+ 39.Kc2 Rc3+  0-1

[Event "Foxwoods Open"]
[Site "Connecticut USA"]
[Date "2003.04.20"]
[Round "6"]
[White "Goldin,A"]
[Black "Paschall,W"]
[Result "1/2-1/2"]
[WhiteElo "2611"]
[BlackElo "2429"]

1.d4 e6 2.c4 b6 3.a3 f5 4.Nc3 Nf6 5.Nf3 Bb7 6.d5 Na6 7.g3 Nc5 8.Bg2 Nce4
9.dxe6 Nxc3 10.exd7+ Qxd7 11.Qxd7+ Nxd7 12.bxc3 Ne5 13.Nxe5 Bxg2 14.Rg1 Bb7
15.Bf4 Be7 16.Nd3 O-O-O 17.Be5 Rhe8 18.f4 g6 19.c5 bxc5 20.c4 Be4 21.O-O-O Bd6
22.Bf6 Bxd3 23.exd3 Be7 24.Bc3 Bd6 25.Rge1 Kd7 26.Kd2 Rxe1 27.Rxe1 Rb8 28.h4 h5
29.Bg7 Rb3 30.Ra1 a6 31.Bc3 Rb8 32.Re1 Rb3 33.Kc2 Rb8 34.Bd2 Re8 35.Rxe8 Kxe8
36.Kb3 Kd7 37.Ka4 Kc6 38.Ka5 Kb7 39.Bc3 c6 40.Bf6 Bf8  1/2-1/2

[Event "II American Continental"]
[Site "Buenos Aires ARG"]
[Date "2003.08.19"]
[Round "3"]
[White "Goldin,A"]
[Black "Labollita,M"]
[Result "1-0"]
[WhiteElo "2608"]
[BlackElo "2454"]

1.c4 c6 2.Nf3 d5 3.e3 Nf6 4.Nc3 Bg4 5.Qb3 Qb6 6.Ne5 Qxb3 7.axb3 e6 8.d4 Nbd7
9.Nxg4 Nxg4 10.f3 Ngf6 11.g4 h6 12.h4 a6 13.Kf2 g6 14.Bd2 Bg7 15.cxd5 exd5
16.h5 gxh5 17.gxh5 Nf8 18.Ne2 Ne6 19.Ng3 Bf8 20.Bd3 Kd7 21.Rag1 Rg8 22.Nf5 Rxg1
23.Rxg1 Nxh5 24.Rh1 Nf6 25.Nxh6 Bxh6 26.Rxh6 Ne8 27.Bb4 Nd6 28.Rh7 Rf8 29.Bg6 Nd8
30.Bh5 b6 31.Bg4+ Ne6 32.Bh5 Nd8 33.Rh6 Ne6 34.Bg4 a5 35.Ba3 Re8 36.Rf6 Re7
37.Ke2 Kc7 38.Kd3 b5 39.Bxd6+ Kxd6 40.Bh5 Kd7 41.Bxf7 Nd8 42.Bh5  1-0

[Event "II American Continental"]
[Site "Buenos Aires ARG"]
[Date "2003.08.22"]
[Round "5"]
[White "Goldin,A"]
[Black "Vescovi,G"]
[Result "1/2-1/2"]
[WhiteElo "2608"]
[BlackElo "2618"]

1.d4 Nf6 2.c4 e6 3.Nc3 d5 4.cxd5 exd5 5.Bg5 c6 6.Qc2 Be7 7.e3 Nbd7 8.Bd3 Nh5
9.Bxe7 Qxe7 10.Nge2 g6 11.O-O-O Nb6 12.Ng3 Nxg3 13.hxg3 h5 14.Kb1 Be6 15.Rc1 Kf8
16.Ne2 Kg7 17.Nf4 Qf6 18.f3 Rae8 19.Rce1 Bc8 20.Qf2 Qg5 21.Rh4 Nd7 22.g4 hxg4
23.Rxg4 Qh6 24.Nxg6 fxg6 25.Rxg6+ Qxg6 26.Bxg6 Kxg6 27.e4 dxe4 28.Qg3+ Kf7
29.Qf4+ Nf6 30.fxe4 Kg6 31.Rf1 Rhf8 32.e5 Ng4 33.Qxf8 Rxf8 34.Rxf8 Bf5+ 35.Kc1 c5
36.dxc5 Nxe5 37.Kd2 Nd7 38.Rc8 Be4 39.Ke3 Bc6 40.Kd4 Kf5 41.Rg8 Nf6 42.Rg7 Ng4
43.g3 Ne5 44.b4 a6 45.Kc3 Kf6 46.Rh7 Kf5 47.Kd4 Nf3+ 48.Ke3 Ne1 49.Rf7+ Ke5
50.Kd2 Nf3+ 51.Kc3 Ng5 52.Rg7 Ne4+ 53.Kd3 Kf6 54.Rg8 Kf7 55.Rh8 Nxg3 56.Kd4 Ke6
57.Rh6+ Kf5 58.Rh7  1/2-1/2

[Event "II American Continental"]
[Site "Buenos Aires ARG"]
[Date "2003.08.25"]
[Round "7"]
[White "Dominguez,L"]
[Black "Goldin,A"]
[Result "1/2-1/2"]
[WhiteElo "2610"]
[BlackElo "2608"]

1.e4 e5 2.Nf3 Nc6 3.Bb5 a6 4.Bxc6 dxc6 5.O-O Qd6 6.c3 Bg4 7.h3 Bxf3 8.Qxf3 Nf6
9.d4 exd4 10.Rd1 d3 11.Rxd3 Qe6 12.Bf4 Bc5 13.Nd2 Bb6 14.b3 O-O 15.Re1 Rfe8
16.Qd1  1/2-1/2

[Event "II American Continental"]
[Site "Buenos Aires ARG"]
[Date "2003.08.26"]
[Round "8"]
[White "Franco Ocampos,Z"]
[Black "Goldin,A"]
[Result "0-1"]
[WhiteElo "2520"]
[BlackElo "2608"]

1.d4 Nf6 2.Nf3 e6 3.c4 b6 4.e3 Bb7 5.Bd3 c5 6.O-O Be7 7.b3 O-O 8.Bb2 cxd4
9.exd4 d5 10.Nc3 Nc6 11.Rc1 Rc8 12.Re1 Nb4 13.Bf1 Re8 14.Ne5 Bf8 15.a3 Nc6
16.cxd5 exd5 17.g3 Nxe5 18.dxe5 d4 19.exf6 Rxe1 20.Qxe1 dxc3 21.Rxc3 Qd5
22.f3 Qd4+ 23.Kg2 Qxf6 24.Be2 Re8 25.Qd2 Qe5 26.Rc2 Qf5 27.Rc1 Bc5 28.Rd1 Qe6
29.Bd3 Qxb3  0-1